[Event "POL-chT3"]
[Site "Jastrzebia Gora POL"]
[Date "2015.??.??"]
[Round "7.21"]
[White "Dudzinski, Pawel"]
[Black "Smolka, Marcin"]
[Result "1/2-1/2"]
[WhiteElo "2261"]
[BlackElo "2070"]
[EventDate "2015.??.??"]
[WhiteTitle "FM"]
[BlackTitle "k"]

1.e4 e5 2.Nf3 Nc6 3.d4 exd4 4.Nxd4 Nf6 5.Nxc6 bxc6 6.e5 Qe7 7.Qe2 Nd5 8.c4
Ba6 9.b3 g5 10.Bb2 Bg7 11.Nd2 O-O-O 12.O-O-O Rhe8 13.Qe4 Nb6 14.h4 g4 15.
Re1 Qc5 16.Qd4 Qxd4 17.Bxd4 c5 18.Bxc5 Bxe5 19.Bd3 h5 20.f4 gxf3 21.Nxf3 
Bf4+ 22.Kc2 Rg8 23.Re2 d5 24.Bxb6 axb6 25.Rd1 dxc4 26.bxc4 Kb8 27.c5 Bb7 
28.cxb6 cxb6 29.Bc4 Rxd1 30.Kxd1 Rd8+ 31.Nd2 Rd4 32.Bb5 Bd5 33.Kc2 Bxa2 
34.Re8+ Kc7 35.Re7+ Kd6 36.Rd7+ Kc5 37.Rxd4 Kxd4 38.Nb3+ Ke5 39.Be2 Bxb3+ 
40.Kxb3 Bg3 41.Bxh5 f6 1/2-1/2

[Event "POL-chT3"]
[Site "Jastrzebia Gora POL"]
[Date "2015.??.??"]
[Round "7.22"]
[White "Wolynski, Krzysztof"]
[Black "Michalski, Filip"]
[Result "0-1"]
[WhiteElo "2061"]
[BlackElo "2176"]
[EventDate "2015.??.??"]
[WhiteTitle "I+"]
[BlackTitle "I"]

1.d4 Nf6 2.c4 e6 3.Nc3 Bb4 4.Qc2 c5 5.e3 O-O 6.Nf3 Nc6 7.Bd3 cxd4 8.exd4 
d5 9.a3 dxc4 10.Bxc4 Nxd4 11.Qd3 Nxf3+ 12.Qxf3 Qc7 13.Be2 Be7 14.O-O Bd7 
15.h4 Bc6 16.Qh3 Nd5 17.h5 Nf4 18.Qg4 Nxe2+ 19.Qxe2 Kh8 20.Rd1 Rad8 21.Be3
Bf6 22.Rxd8 Rxd8 23.Rd1 Rxd1+ 24.Qxd1 h6 25.Qg4 a6 26.Qb4 Kg8 27.Qg4 Qe5 
28.Bxh6 Qe1+ 29.Kh2 Qxf2 30.Bf4 Bxg2 31.Nd1 Qf3 32.Ne3 Be7 33.Qxf3 Bxf3 
34.h6 g5 35.Be5 f6 36.Bc3 Kh7 37.Kg3 Bh5 38.Nc4 Kxh6 39.Na5 b6 0-1

[Event "POL-chT3"]
[Site "Jastrzebia Gora POL"]
[Date "2015.??.??"]
[Round "7.23"]
[White "Ziabek, Patryk"]
[Black "Cieslak, Patrycjusz"]
[Result "1/2-1/2"]
[WhiteElo "2038"]
[BlackElo "1836"]
[EventDate "2015.??.??"]
[WhiteTitle "I+"]
[BlackTitle "I"]

1.e4 d5 2.exd5 Nf6 3.Bb5+ Bd7 4.Bc4 Bg4 5.f3 Bf5 6.Nc3 Nbd7 7.Nge2 Nb6 8.
Bb3 Nfxd5 9.d4 e6 10.O-O Be7 11.Ne4 Nd7 12.N2g3 Bg6 13.c4 N5f6 14.Be3 O-O 
15.Bc2 Rc8 16.Nxf6+ Nxf6 17.Bxg6 hxg6 18.Ne4 c6 19.Qd2 b5 20.b3 Rb8 21.
Rab1 Rb7 22.Rfd1 Qb8 23.Bf4 Nxe4 24.fxe4 Bd6 25.Bxd6 Qxd6 26.c5 Qe7 27.Qf2
Rd8 28.Rd3 Rbd7 29.Rbd1 Qg5 30.Qf3 Qe7 31.b4 Kf8 32.Qh3 Kg8 33.Qf3 Kf8 34.
Qh3 Kg8 35.Qe3 Qf6 36.h3 Kf8 37.R1d2 a6 38.Rd1 Qh4 39.R1d2 f6 40.Rd1 Kf7 
41.a3 g5 42.Qf3 Qf4 43.Qxf4 gxf4 44.Kf2 g5 45.Kf3 Kg6 46.d5 exd5 47.exd5 
cxd5 48.Re1 Kf5 49.Rd4 Rg8 50.Re2 Ra8 51.Red2 Ke5 52.R4d3 d4 53.Re2+ Kd5 
54.Rxd4+ Kxd4 55.Rd2+ Kc3 56.Rxd7 Kb2 57.Rd3 a5 58.c6 Rc8 59.bxa5 Rxc6 60.
Rd5 Rc3+ 61.Kf2 Rxa3 62.Rxb5+ Kc3 63.Rf5 Kd4 64.Rxf6 Rxa5 65.h4 Ke4 66.
hxg5 Rxg5 1/2-1/2

[Event "POL-chT3"]
[Site "Jastrzebia Gora POL"]
[Date "2015.??.??"]
[Round "7.24"]
[White "Dziodzio, Angelika"]
[Black "Magnucka, Milena"]
[Result "0-1"]
[WhiteElo "2095"]
[BlackElo "1950"]
[EventDate "2015.??.??"]
[WhiteTitle "k"]
[BlackTitle "WFM"]

1.e4 d6 2.d4 g6 3.Nc3 Bg7 4.f4 Nf6 5.Nf3 O-O 6.Be3 b6 7.Qd2 Bb7 8.Bd3 c5 
9.d5 Na6 10.h3 Nc7 11.g4 b5 12.g5 Nh5 13.Qf2 e6 14.f5 exf5 15.exf5 Bxc3+ 
16.bxc3 Nxd5 17.O-O Nxe3 18.Qxe3 c4 19.fxg6 hxg6 20.Be2 Ng3 21.Nd4 Nxf1 
22.Rxf1 Qe8 23.Qg3 Qe4 24.Rf4 Qe5 25.Qg4 Rae8 26.Rf6 Qe3+ 27.Kf1 Re4 28.
Qd7 Qxg5 29.Qxd6 Rfe8 30.Nf3 Qc1+ 31.Bd1 R4e6 32.Rxe6 Rxe6 33.Qd8+ Kg7 34.
Qd4+ Rf6 35.Kf2 Bxf3 36.Bxf3 Qxc2+ 37.Kg3 Qd3 0-1

[Event "POL-chT3"]
[Site "Jastrzebia Gora POL"]
[Date "2015.??.??"]
[Round "7.25"]
[White "Wandzik, Wojciech"]
[Black "Kumala, Aleksander"]
[Result "1-0"]
[WhiteElo "2360"]
[BlackElo "2102"]
[EventDate "2015.??.??"]
[WhiteTitle "m"]
[BlackTitle "I++"]

1.e4 e5 2.Nf3 Nc6 3.Bb5 f5 4.d3 fxe4 5.dxe4 Nf6 6.O-O Bc5 7.Bxc6 bxc6 8.
Nxe5 O-O 9.Nc3 Qe8 10.Nd3 Bb6 11.Re1 Ba6 12.Be3 d6 13.a4 Qg6 14.Nf4 Qf7 
15.a5 Bxe3 16.Rxe3 Nd7 17.Nh3 Ne5 18.b3 Bc8 19.Qd2 Bd7 20.Rf1 Qh5 21.f4 
Ng4 22.Rg3 Qxa5 23.Nf2 Nxf2 24.Rxf2 Rae8 25.h3 Qc5 26.Rg5 Qb4 27.f5 Rf6 
28.Nd5 Qxd2 29.Nxf6+ Kf7 30.Rxd2 Kxf6 31.Rg4 c5 32.Kf2 Bc6 33.Re2 Re5 34.
h4 a5 35.Rf4 a4 36.bxa4 Bxa4 37.g4 h6 38.Kf3 Bc6 39.c4 Re8 40.g5+ hxg5 41.
hxg5+ Ke5 42.f6 gxf6 43.Rf5+ Kd4 44.Rxf6 Kxc4 45.g6 Rg8 46.Ke3 Re8 47.Rf4 
d5 48.g7 d4+ 49.Kd2 Rg8 50.Rg2 Bd7 51.Rf8 Be6 52.Rxg8 Bxg8 53.Rf2 Kb3 54.
Rf8 1-0

[Event "POL-chT3"]
[Site "Jastrzebia Gora POL"]
[Date "2015.??.??"]
[Round "7.26"]
[White "Reza, Wojciech"]
[Black "Mroziak, Maciej"]
[Result "1-0"]
[WhiteElo "2272"]
[BlackElo "2338"]
[EventDate "2015.??.??"]
[WhiteTitle "k+"]
[BlackTitle "m"]

1.c4 e6 2.d4 d5 3.Nc3 c5 4.cxd5 exd5 5.Nf3 Nc6 6.g3 Nf6 7.Bg2 Be7 8.O-O 
O-O 9.dxc5 Bxc5 10.Bg5 d4 11.Bxf6 Qxf6 12.Nd5 Qd8 13.Nd2 Be6 14.Nf4 Bf5 
15.Nb3 Bb6 16.Rc1 Qd6 17.Nd2 Rab8 18.Nc4 Qd8 19.Nd5 Bc5 20.a3 Re8 21.b4 
Bf8 22.Re1 Be4 23.Nf4 Bxg2 24.Kxg2 Qd7 25.Nd2 Rbd8 26.Nf3 Ne5 27.Qb3 Nxf3 
28.Qxf3 Rc8 29.Red1 Rxc1 30.Rxc1 Rc8 31.Rxc8 Qxc8 32.Qd5 Qc3 33.Qxb7 Qxa3 
34.b5 h6 35.Qd7 Qa4 36.Nd5 Qc4 37.Nf4 Qa4 38.Qd5 Qb4 39.Nd3 Qd2 40.Ne5 
Qxe2 41.Qxf7+ Kh7 42.Qg6+ Kg8 43.Ng4 Kh8 44.Qf5 Bd6 45.Qc8+ Kh7 46.Qd7 
Qe4+ 47.f3 Qc2+ 48.Kh3 Bc5 49.Nf6+ Kg6 50.Ne4 Bb6 51.g4 Kh7 52.Nf6+ Kg6 
53.Nh5 1-0

[Event "POL-chT3"]
[Site "Jastrzebia Gora POL"]
[Date "2015.??.??"]
[Round "7.27"]
[White "Lizak, Jakub"]
[Black "Puczylowski, Marcin"]
[Result "1-0"]
[WhiteElo "2113"]
[BlackElo "2119"]
[EventDate "2015.??.??"]
[WhiteTitle "k"]
[BlackTitle "k"]

1.e4 e5 2.Nf3 Nc6 3.Bb5 Nge7 4.Nc3 g6 5.d4 exd4 6.Nd5 Bg7 7.Bg5 h6 8.Bf6 
Bxf6 9.Nxf6+ Kf8 10.O-O Kg7 11.Nd5 d6 12.Bxc6 Nxc6 13.Nxd4 Be6 14.Nxc6 
bxc6 15.Qd4+ f6 16.Ne3 c5 17.Qd3 Re8 18.f4 Bf7 19.Rae1 Qe7 20.Ng4 h5 21.
Nf2 Bxa2 22.b3 Qf7 23.Qc3 c4 24.b4 d5 25.Ra1 a5 26.bxa5 d4 27.Qa3 Bb3 28.
cxb3 cxb3 29.Rab1 Reb8 30.Qc5 Qd7 31.Rfd1 Rb5 32.Rxd4 Rxc5 33.Rxd7+ Kf8 
34.Rxb3 Ke8 35.Rd1 Rcxa5 36.Rdb1 Kd7 37.Nd3 Ra2 38.R3b2 R2a3 39.Nb4 c5 40.
Nd5 1-0

[Event "POL-chT3"]
[Site "Jastrzebia Gora POL"]
[Date "2015.??.??"]
[Round "7.28"]
[White "Zurkowski, Andrzej"]
[Black "Duda, Lukasz"]
[Result "1/2-1/2"]
[WhiteElo "2086"]
[BlackElo "2153"]
[EventDate "2015.??.??"]
[WhiteTitle "k+"]
[BlackTitle "I++"]

1.g3 d5 2.d4 Nf6 3.Bg2 Bf5 4.Nf3 h6 5.c4 e6 6.Nc3 c6 7.O-O Bd6 8.Nd2 O-O 
9.e4 dxe4 10.Ndxe4 Nxe4 11.Nxe4 Be7 12.Be3 Nd7 13.Qb3 Qb6 14.Qc3 Nf6 15.
Nc5 Rfd8 16.b4 Ng4 17.h3 Nxe3 18.fxe3 Bg6 19.e4 e5 20.d5 Bxc5+ 21.bxc5 
Qxc5+ 22.Kh2 f6 23.Qb3 b6 24.Qa4 cxd5 25.cxd5 Be8 26.Qd1 Rac8 27.Qg4 Qd6 
28.Rf2 Rc3 29.Raf1 h5 30.Qe2 Rdc8 31.g4 Qc5 32.gxh5 Rc2 33.Qg4 Rxf2 34.
Rxf2 Bxh5 35.Qf5 Bg6 36.Qe6+ Bf7 37.Qf5 Rd8 38.Rf3 Qc8 39.Qg4 Qxg4 40.hxg4
Kf8 41.Rc3 Ke7 42.Kg3 g5 43.Bf1 Be8 44.Ba6 Kd6 45.Rf3 Ke7 46.Rc3 Kd6 47.
Rf3 Kc5 48.Rxf6 Ba4 1/2-1/2

[Event "POL-chT3"]
[Site "Jastrzebia Gora POL"]
[Date "2015.??.??"]
[Round "7.29"]
[White "Szolc, Grzegorz"]
[Black "Kanarkiewicz, Michal"]
[Result "0-1"]
[WhiteElo "2020"]
[BlackElo "2077"]
[EventDate "2015.??.??"]
[WhiteTitle "I"]
[BlackTitle "k"]

1.e4 d5 2.exd5 Qxd5 3.Nc3 Qd6 4.d4 Nf6 5.Nf3 a6 6.g3 b5 7.Bg2 Bb7 8.O-O 
Nbd7 9.Bf4 Qb6 10.a4 b4 11.a5 Qa7 12.Na4 Nd5 13.Bd2 e6 14.c4 bxc3 15.bxc3 
Be7 16.Rb1 N5f6 17.c4 Be4 18.Rb3 O-O 19.Be3 Ng4 20.d5 Nxe3 21.Rxe3 exd5 
22.cxd5 Bxf3 23.Bxf3 Bd6 24.Qc2 Rab8 25.Nc3 Qc5 26.Qf5 Nf6 27.Ne4 Nxe4 28.
Rxe4 Qxa5 29.Rh4 g6 30.Qg5 Qc3 31.Qh6 Qg7 32.Qe3 a5 33.Ra4 Bb4 34.Rc1 Rbe8
35.Qf4 Qb2 36.Raa1 Bd2 37.Qxc7 Bxc1 38.Qxc1 Qxc1+ 39.Rxc1 Rc8 40.Ra1 Rc5 
41.h4 Kg7 42.Kg2 Kf6 43.Rb1 Rfc8 44.Bg4 Ra8 45.d6 Rd8 46.d7 Ke7 47.Re1+ 
Kf8 48.Rd1 Rc7 49.Rd5 Ra7 50.h5 f5 51.Bf3 Rdxd7 52.Rb5 a4 0-1

[Event "POL-chT3"]
[Site "Jastrzebia Gora POL"]
[Date "2015.??.??"]
[Round "7.30"]
[White "Kasperek, Joanna"]
[Black "Szydlowska-Duda, Marta"]
[Result "0-1"]
[WhiteElo "2051"]
[BlackElo "1990"]
[EventDate "2015.??.??"]
[WhiteTitle "k++"]
[BlackTitle "k"]

1.e4 d5 2.exd5 Qxd5 3.Nc3 Qd6 4.d4 Nf6 5.Nf3 a6 6.Bc4 Nc6 7.Be3 Bg4 8.Qe2 
b5 9.Bb3 b4 10.Na4 e6 11.Rd1 Be7 12.Nc5 O-O 13.h3 Bh5 14.g4 Bg6 15.Nh4 Be4
16.Nxe4 Nxe4 17.Ng2 Nf6 18.c4 bxc3 19.bxc3 Nd5 20.Bxd5 exd5 21.O-O Rfe8 
22.Qf3 Na5 23.Bf4 Qd7 24.Ne3 c6 25.Rfe1 Bd6 26.Nf5 Nc4 27.Qg3 Bxf4 28.Qxf4
Re6 29.Qg5 g6 30.Nh4 Rae8 31.Rxe6 Rxe6 32.Nf3 Qe8 33.Qh6 f6 34.Rb1 Nd6 35.
Qf4 g5 36.Qd2 Re2 37.Qd3 Rxa2 38.Re1 Qg6 39.Qxg6+ hxg6 40.Re6 Ne4 41.Rxc6 
Rxf2 42.Ne1 Ra2 43.Nd3 a5 44.Nc5 Kf7 45.Nxe4 dxe4 46.d5 f5 47.Re6 a4 48.
gxf5 gxf5 49.Re5 Kg6 50.d6 Rd2 51.Ra5 Rxd6 52.Rxa4 Rd3 53.Ra6+ Kh5 54.Rf6 
f4 55.Re6 Rxc3 56.Rxe4 Rxh3 57.Kg2 Kg4 58.Ra4 Rb3 59.Ra2 Rg3+ 60.Kh2 Rh3+ 
61.Kg2 f3+ 62.Kg1 Rh8 63.Ra5 Re8 64.Kf2 Re2+ 65.Kf1 Kf4 66.Ra4+ Re4 67.Ra3
g4 68.Ra8 Rb4 69.Ra1 g3 70.Rc1 g2+ 71.Kf2 Rb2+ 72.Kg1 Kg3 73.Rc2 Rb1+ 0-1

[Event "POL-chT3"]
[Site "Jastrzebia Gora POL"]
[Date "2015.??.??"]
[Round "7.31"]
[White "Oszczanowski, Witold"]
[Black "Nguyen, Piotr"]
[Result "0-1"]
[WhiteElo "2086"]
[BlackElo "2327"]
[EventDate "2015.??.??"]
[WhiteTitle "k"]
[BlackTitle "m"]

1.d4 Nf6 2.Nf3 e6 3.Bf4 c5 4.e3 Be7 5.c3 O-O 6.h3 b6 7.Nbd2 Bb7 8.Bd3 cxd4
9.exd4 d6 10.O-O Re8 11.Re1 Nbd7 12.Ne4 Bxe4 13.Bxe4 Nxe4 14.Rxe4 b5 15.a3
Nb6 16.Qb3 Qd7 17.Re2 Qc6 18.Nd2 a5 19.Ne4 h6 20.Rc1 Rec8 21.f3 Nc4 22.Nf2
Qd5 23.Nd3 Qf5 24.Rd1 Rab8 25.Bg3 Rb6 26.Kh1 b4 27.axb4 axb4 28.Qa4 bxc3 
29.bxc3 Qb5 30.Qxb5 Rxb5 31.Ra1 Nb6 32.Be1 Nd5 33.Rc2 Bf6 34.Rac1 Rb7 35.
c4 Ne3 36.Re2 Bxd4 37.Bf2 Nf5 38.Bxd4 Ng3+ 39.Kh2 Nxe2 40.g4 0-1

[Event "POL-chT3"]
[Site "Jastrzebia Gora POL"]
[Date "2015.??.??"]
[Round "7.32"]
[White "Licznerski, Lukasz"]
[Black "Cajbel, Maciej"]
[Result "1-0"]
[WhiteElo "2293"]
[BlackElo "2189"]
[EventDate "2015.??.??"]
[WhiteTitle "FM"]
[BlackTitle "k"]

1.e4 c5 2.Nf3 e6 3.d3 Nc6 4.g3 d6 5.Bg2 Nf6 6.O-O Be7 7.Re1 O-O 8.c3 Bd7 
9.d4 cxd4 10.cxd4 d5 11.exd5 exd5 12.Ne5 Be6 13.Nxc6 bxc6 14.Nc3 c5 15.
dxc5 Bxc5 16.Na4 Bb4 17.Bd2 Qa5 18.Bxb4 Qxb4 19.a3 Qd6 20.Qd4 a5 21.Rac1 
Rac8 22.Nc5 Nd7 23.Nxd7 Qxd7 24.Rc5 Rxc5 25.Qxc5 a4 26.Rc1 Rb8 27.Rc2 h6 
28.h4 Qb5 29.Qa7 Rb7 30.Qd4 Qb3 31.Rd2 Qb5 32.Qe5 Qa5 33.Rc2 Qb5 34.Rd2 
Qa5 35.Rc2 Qb5 36.Bf1 Qb3 37.Rd2 Qb6 38.Kh2 Qc5 39.Bg2 Qa5 40.Rc2 Qb5 41.
f4 Qd3 42.Rf2 Rb3 43.f5 Bd7 44.f6 Be6 45.Rf3 Qe4 46.Qxe4 dxe4 47.Rxb3 Bxb3
48.Bxe4 gxf6 49.Kg2 Kf8 50.Kf3 Ke7 51.Kg4 Kf8 52.Bd3 Bd1+ 53.Kf5 Ke7 54.
Bc4 Bc2+ 55.Kg4 Bd1+ 56.Kf4 Bc2 57.Ke3 Kd6 58.Kd2 Be4 59.Bb5 Ke5 60.Bxa4 
Kd4 61.Bb3 1-0

[Event "POL-chT3"]
[Site "Jastrzebia Gora POL"]
[Date "2015.??.??"]
[Round "7.33"]
[White "Zareba, Radoslaw"]
[Black "Flak, Pawel"]
[Result "1-0"]
[WhiteElo "2071"]
[BlackElo "2223"]
[EventDate "2015.??.??"]
[WhiteTitle "I"]
[BlackTitle "k"]

1.e4 Nf6 2.e5 Nd5 3.d4 d6 4.c4 Nb6 5.exd6 cxd6 6.Nc3 g6 7.Be3 Bg7 8.Rc1 
O-O 9.b3 Nc6 10.d5 Ne5 11.Be2 f5 12.f4 Nf7 13.Nf3 Nd7 14.O-O Nf6 15.Nd4 
Ng4 16.Bxg4 fxg4 17.Qd2 Nh6 18.b4 Nf5 19.Nxf5 Bxf5 20.Nb5 a6 21.Nd4 Qd7 
22.Rfd1 Bh6 23.g3 Be4 24.Ne6 Rf6 25.Bd4 Rf5 26.Bb2 Bf3 27.Qd4 Rf6 28.Re1 
Rc8 29.Qe3 Rf5 30.Ng5 Bxg5 31.fxg5 Kf7 32.Qd4 Rg8 33.Re3 Ke8 34.Rce1 Rf7 
35.Qa7 b5 36.Qa8+ Qd8 37.Qxa6 bxc4 38.Bf6 Rgg7 39.Bxg7 Rxg7 40.Qxc4 Kf8 
41.Qd4 Kg8 42.a4 Rf7 43.b5 Qc8 44.Rc3 Qf5 45.Rec1 Rf8 46.Rc7 Re8 47.Qe3 
Qxd5 48.Rc8 Rxc8 49.Rxc8+ Kf7 50.Rc7 Be4 51.Qc3 Qd1+ 52.Kf2 Ke6 53.Qc4+ d5
54.Qc6+ Ke5 55.Rxe7+ Kd4 56.Rxe4+ Kxe4 57.Qe6+ Kd4 58.Qe3+ Kc4 59.Qe2+ 1-0

[Event "POL-chT3"]
[Site "Jastrzebia Gora POL"]
[Date "2015.??.??"]
[Round "7.34"]
[White "Grzelak, Artur"]
[Black "Czachor, Radoslaw"]
[Result "1/2-1/2"]
[WhiteElo "2147"]
[BlackElo "1994"]
[EventDate "2015.??.??"]
[WhiteTitle "m"]
[BlackTitle "I++"]

1.d4 Nf6 2.Nf3 g6 3.Bf4 Bg7 4.e3 d6 5.Be2 O-O 6.O-O Nc6 7.c4 Bf5 8.Nc3 Ne4
9.Nxe4 Bxe4 10.Ng5 Bf5 11.e4 e5 12.dxe5 dxe5 13.Qxd8 Raxd8 14.Be3 Bc8 15.
Nf3 Bg4 16.Rfd1 Bxf3 17.Bxf3 Nd4 18.Bxd4 Rxd4 19.Rxd4 exd4 20.Rd1 Rd8 21.
Rd3 c5 22.Kf1 b5 23.b3 a6 24.Be2 Re8 25.Rf3 b4 26.Bd3 a5 27.Rh3 Be5 28.Rf3
Bg7 29.Rh3 Be5 30.Rf3 Bg7 31.Rh3 Be5 32.Rf3 1/2-1/2

[Event "POL-chT3"]
[Site "Jastrzebia Gora POL"]
[Date "2015.??.??"]
[Round "7.35"]
[White "Mondrzycki, Bartlomiej"]
[Black "Pietocha, Pawel"]
[Result "1-0"]
[WhiteElo "2082"]
[BlackElo "2077"]
[EventDate "2015.??.??"]
[WhiteTitle "I+"]
[BlackTitle "I++"]

1.b3 e5 2.Bb2 Nc6 3.e3 Nf6 4.Bb5 Bd6 5.Ne2 a6 6.Bxc6 dxc6 7.d3 Bg4 8.Nd2 
Qe7 9.e4 Nd7 10.O-O O-O-O 11.Kh1 Qg5 12.Nc4 h5 13.f3 Be6 14.Qd2 Qe7 15.
Nxd6+ cxd6 16.d4 f5 17.d5 cxd5 18.exd5 Bf7 19.c4 g5 20.b4 f4 21.Rfc1 Nf6 
22.b5 axb5 23.cxb5+ Kd7 24.Nc3 Ke8 25.b6 Kf8 26.Ba3 Kg7 27.Nb5 Nxd5 28.Rc7
Qe6 29.Rxb7 Rb8 30.Rxb8 Rxb8 31.Nc7 Nxc7 32.bxc7 Ra8 33.Bxd6 Kf6 34.Re1 
Qxa2 35.Bxe5+ Kg6 36.Qxa2 Bxa2 37.Ra1 Re8 38.Rxa2 Rxe5 39.Ra6+ Kf7 40.h4 
Rc5 41.Rh6 g4 42.Rxh5 Rc1+ 43.Kh2 gxf3 44.gxf3 Kf6 45.Kh3 Rxc7 46.Kg4 Rc1 
47.Rf5+ Kg6 48.Rg5+ Kf6 49.Kxf4 Rc4+ 50.Kg3 Rc1 51.Ra5 Rh1 52.Kg4 Rg1+ 53.
Kh5 Rg3 54.Ra6+ Kf5 55.Ra8 Ke6 56.Rf8 Ke7 57.Rf4 Ke6 58.Kh6 Ke5 59.Rf8 Rg1
60.h5 Rg2 61.Kh7 Rg1 62.h6 Rg2 63.Kh8 Rg1 64.h7 Rg2 65.Rg8 1-0

[Event "POL-chT3"]
[Site "Jastrzebia Gora POL"]
[Date "2015.??.??"]
[Round "7.36"]
[White "Leszner, Liliana"]
[Black "Zdziarska-zareba, Lidia"]
[Result "1-0"]
[WhiteElo "2027"]
[BlackElo "1913"]
[EventDate "2015.??.??"]
[WhiteTitle "WIM"]
[BlackTitle "k+"]

1.e4 c5 2.Nc3 a6 3.g3 b5 4.Bg2 Bb7 5.Nh3 e6 6.O-O Be7 7.d4 d6 8.Be3 cxd4 
9.Bxd4 e5 10.Be3 Nf6 11.f4 b4 12.Nd5 Nxd5 13.exd5 exf4 14.Nxf4 O-O 15.Qd4 
a5 16.Nh5 f6 17.Qg4 Rf7 18.Bh3 Na6 19.Qd4 Bc8 20.Be6 Bxe6 21.dxe6 Rf8 22.
Bh6 Qe8 23.Nxg7 Qg6 24.Nf5 Rfe8 25.Nxe7+ Rxe7 26.Rxf6 Qxc2 27.Raf1 Ree8 
28.Rf8+ 1-0

[Event "POL-chT3"]
[Site "Jastrzebia Gora POL"]
[Date "2015.??.??"]
[Round "7.37"]
[White "Banasik, Krzysztof"]
[Black "Gumularz, Szymon"]
[Result "1-0"]
[WhiteElo "2220"]
[BlackElo "2239"]
[EventDate "2015.??.??"]
[WhiteTitle "k"]
[BlackTitle "I++"]

1.c4 e6 2.Nf3 Nf6 3.Nc3 d5 4.e3 a6 5.d4 dxc4 6.a4 c5 7.Bxc4 Nc6 8.O-O Be7 
9.Qe2 O-O 10.Rd1 Qc7 11.Bd2 b6 12.d5 exd5 13.Nxd5 Nxd5 14.Bxd5 Bf6 15.Bc3 
Bxc3 16.bxc3 Rb8 17.e4 b5 18.axb5 axb5 19.Qe3 Ne7 20.h3 Bd7 21.c4 bxc4 22.
Bxc4 Ng6 23.Rac1 Rfe8 24.Ng5 Re7 25.Nxf7 Rxf7 26.Bxf7+ Kxf7 27.Rxc5 Qb7 
28.Qc1 Nf8 29.Rc7 Qxe4 30.Rcxd7+ Nxd7 31.Rxd7+ Kg8 32.Qc7 Qb1+ 33.Kh2 Qb2 
34.Rxg7+ Qxg7 35.Qxb8+ 1-0

[Event "POL-chT3"]
[Site "Jastrzebia Gora POL"]
[Date "2015.??.??"]
[Round "7.38"]
[White "Piotrowski, Przemyslaw"]
[Black "Tustanowski, Robert"]
[Result "1/2-1/2"]
[WhiteElo "2193"]
[BlackElo "2226"]
[EventDate "2015.??.??"]
[WhiteTitle "k"]
[BlackTitle "m"]

1.Nf3 Nf6 2.g3 b5 3.Bg2 Bb7 4.O-O e6 5.d4 c5 6.a4 b4 7.c3 Na6 8.Bf4 Be7 9.
Nbd2 O-O 10.Qb1 Nd5 11.cxb4 Naxb4 12.dxc5 Bxc5 13.Ne4 Be7 14.Bd6 f5 15.
Bxe7 Qxe7 16.Ned2 Ba6 17.Nd4 Qc5 18.N2b3 Qb6 19.a5 Qd6 20.Rd1 Rac8 21.e4 
fxe4 22.Qxe4 Rc7 23.Qh4 Qe7 24.Qxe7 Nxe7 25.f4 Rfc8 26.Be4 g6 27.Rd2 Bb7 
28.Bxb7 Rxb7 29.Rad1 Nbd5 30.Kf2 Nf5 31.Nxf5 gxf5 32.Nd4 Nf6 33.Kg2 Rc5 
34.Ra1 Ne4 35.Re2 Rb4 36.Nf3 d6 37.a6 Rc6 38.h3 h5 39.Ra2 Kf7 40.g4 hxg4 
41.hxg4 fxg4 42.Rxe4 gxf3+ 43.Kxf3 Rxe4 44.Kxe4 Rb6 45.Kd3 Kf6 46.Kc3 Kf5 
47.Ra4 e5 48.fxe5 dxe5 49.Ra1 Rc6+ 50.Kd3 Rd6+ 51.Ke3 Rb6 52.Rf1+ Ke6 53.
Rh1 Kd5 54.Rd1+ Ke6 55.Rh1 Kd5 56.Rd1+ Ke6 57.Rh1 1/2-1/2

[Event "POL-chT3"]
[Site "Jastrzebia Gora POL"]
[Date "2015.??.??"]
[Round "7.39"]
[White "Szczesniak, Konrad"]
[Black "Perdek, Miroslaw"]
[Result "0-1"]
[WhiteElo "2156"]
[BlackElo "2225"]
[EventDate "2015.??.??"]
[WhiteTitle "k"]
[BlackTitle "FM"]

1.d4 Nf6 2.Nf3 e6 3.Bf4 d5 4.e3 Bd6 5.Bg3 O-O 6.Nbd2 b6 7.c3 c5 8.Bd3 Bb7 
9.Qc2 Nc6 10.Bh4 g6 11.O-O Be7 12.Rad1 Nh5 13.Bxe7 Qxe7 14.Rfe1 Nf6 15.Bb5
Rac8 16.Bxc6 Bxc6 17.Ne5 Rfd8 18.Qd3 Bb7 19.Qe2 Nd7 20.f4 f6 21.Nxd7 Rxd7 
22.Nf3 Qg7 23.Rf1 a5 24.Rf2 Rdc7 25.g4 Ra8 26.Qb5 Qd7 27.Qd3 Ba6 28.Qb1 e5
29.Rg2 cxd4 30.fxe5 dxc3 31.bxc3 fxe5 32.Qxb6 Qc6 33.Qxa5 Bb7 34.Qb4 d4 
35.Ne1 dxe3 36.Rd3 Rf8 37.Rxe3 Qf6 38.h3 Qf1+ 39.Kh2 Rf2 40.Re4 Rcf7 41.
Qa4 Rxg2+ 42.Nxg2 Bxe4 43.Qxe4 Qb5 44.Kg3 Qc5 45.c4 Ra7 46.Qe2 Ra3+ 47.Kh2
Rc3 48.Qd2 Qd4 49.Qg5 Qd3 50.Qh4 e4 51.c5 Qd7 52.Qf6 Rxc5 53.Nf4 Qd2+ 54.
Ng2 Qd5 55.Nf4 Qxa2+ 56.Ng2 Qd5 57.Nf4 Qd2+ 58.Ng2 Qd7 59.Nf4 Rc2+ 60.Kg3 
Rc8 61.Qe5 Re8 62.Qc5 e3 63.Nd5 Qe6 64.Qb5 Rf8 65.Nf4 Qa2 66.Ne2 Qf7 67.
Kh2 Qf2+ 68.Kh1 Qf3+ 69.Kh2 Qf2+ 70.Kh1 Qf1+ 71.Kh2 Rf2+ 72.Kg3 Rg2+ 73.
Kh4 Rxe2 74.Kg5 Rf2 75.Qd5+ Rf7 76.Kh6 Qf4+ 77.g5 0-1

[Event "POL-chT3"]
[Site "Jastrzebia Gora POL"]
[Date "2015.??.??"]
[Round "7.40"]
[White "Nowak, Kamil"]
[Black "Siekaniec, Jan"]
[Result "1/2-1/2"]
[WhiteElo "2133"]
[BlackElo "2096"]
[EventDate "2015.??.??"]
[WhiteTitle "I+"]
[BlackTitle "k"]

1.e4 c5 2.Nf3 d6 3.Bb5+ Bd7 4.Bxd7+ Qxd7 5.c4 Nc6 6.O-O Nf6 7.Nc3 e6 8.d4 
cxd4 9.Nxd4 Be7 10.Nde2 O-O 11.f3 Rfd8 12.Be3 d5 13.cxd5 exd5 14.exd5 Nxd5
15.Nxd5 Qxd5 16.Qxd5 Rxd5 17.Rad1 Rad8 18.Rxd5 Rxd5 19.Nc3 Rd3 20.Kf2 f5 
21.Ke2 Rd8 22.Rd1 Rxd1 23.Kxd1 Kf7 24.a3 Ke6 25.Kc2 h5 26.f4 Bf6 27.Kd3 
Bxc3 28.Kxc3 Kd5 29.Kd3 a6 30.Bb6 g6 31.b3 Ne7 32.Bc7 Nc8 33.a4 Ne7 34.Be5
Nc6 35.Bc3 Nd8 36.Bd2 Nf7 37.Be3 Nh6 38.Bd4 Ng4 39.h3 Nh6 40.Bf6 Nf7 41.
Be7 Ke6 42.Ba3 Kd5 43.Be7 Ke4 1/2-1/2

[Event "POL-chT3"]
[Site "Jastrzebia Gora POL"]
[Date "2015.??.??"]
[Round "7.41"]
[White "Tustanowski, Mateusz"]
[Black "Kolasinski, Krzysztof"]
[Result "1/2-1/2"]
[WhiteElo "1922"]
[BlackElo "2087"]
[EventDate "2015.??.??"]
[WhiteTitle "I"]
[BlackTitle "I++"]

1.e4 e6 2.d3 d5 3.Qe2 Be7 4.Nf3 Nc6 5.g3 dxe4 6.dxe4 e5 7.c3 Nf6 8.Bg2 O-O
9.O-O a5 10.Rd1 Bd6 11.a4 Qe7 12.b3 Be6 13.Qc2 Rad8 14.Ba3 Bxa3 15.Rxd8 
Rxd8 16.Nxa3 Qd7 17.Nb5 Qd3 18.Qxd3 Rxd3 19.Rb1 Bg4 20.Ne1 Rd1 21.Rxd1 
Bxd1 22.Nd3 Bxb3 23.Nc5 Bc2 24.Nxb7 Bxa4 25.Nxc7 Bd1 26.Nc5 Na7 27.Kf1 Kf8
28.Ke1 Bg4 29.f3 Bc8 30.Bf1 Ke7 31.Nb5 Nxb5 32.Bxb5 Kd6 33.Nb3 g5 34.Nxa5 
g4 35.Kf2 gxf3 36.Kxf3 Bg4+ 37.Ke3 Bh3 38.Be2 Bc8 39.Nc4+ Ke6 40.g4 Bb7 
41.Nd2 Nd7 42.g5 Ke7 43.Bg4 Nf8 44.Nc4 f6 45.gxf6+ Kxf6 46.Na5 Ba6 47.Bf5 
Ke7 48.c4 Kd6 49.Kd3 Ng6 50.Kc3 Nh4 51.Bxh7 Nf3 52.Kb4 Nxh2 53.c5+ Kc7 54.
Nc4 Nf3 55.Bg8 Ng5 56.Bd5 Bb7 57.Nd2 Ba6 58.Nc4 Bb7 59.Nxe5 Nxe4 60.c6 Nf6
61.Bf3 Bxc6 62.Nxc6 Kd6 1/2-1/2

[Event "POL-chT3"]
[Site "Jastrzebia Gora POL"]
[Date "2015.??.??"]
[Round "7.42"]
[White "Iwanow, Anna"]
[Black "Kubicka, Anna"]
[Result "1-0"]
[WhiteElo "2312"]
[BlackElo "2171"]
[EventDate "2015.??.??"]
[WhiteTitle "WIM"]
[BlackTitle "m"]

1.e4 d6 2.d4 Nf6 3.Nc3 e5 4.Nf3 Nbd7 5.Bc4 Be7 6.O-O O-O 7.Re1 c6 8.a4 b6 
9.Ba2 Qc7 10.h3 a6 11.Be3 Bb7 12.Nh4 g6 13.Nf3 exd4 14.Qxd4 c5 15.Qc4 Nxe4
16.Bh6 Nxc3 17.Rxe7 Nxa2 18.Rxa2 Bxf3 19.Qc3 f6 20.Qxf3 Ne5 21.Qd5+ 1-0

[Event "POL-chT3"]
[Site "Jastrzebia Gora POL"]
[Date "2015.??.??"]
[Round "7.43"]
[White "Hnydiuk, Aleksander"]
[Black "Sadowski, Miroslaw"]
[Result "1/2-1/2"]
[WhiteElo "2354"]
[BlackElo "2106"]
[EventDate "2015.??.??"]
[WhiteTitle "IM"]
[BlackTitle "k"]

1.e4 d6 2.d4 Nf6 3.Nc3 e5 4.Nf3 Nbd7 5.Bc4 Be7 6.O-O O-O 7.a4 a5 8.Re1 c6 
9.h3 Nb6 10.Bf1 Nfd7 11.Be3 exd4 12.Nxd4 Nc5 13.Qd2 d5 14.exd5 Nxd5 15.
Nxd5 Qxd5 16.Nb5 Qxd2 17.Bxd2 Ne6 18.Nc7 Nxc7 19.Rxe7 Nd5 20.Re5 f6 21.
Ree1 Bf5 22.Rac1 Bg6 23.Bc4 Rfd8 24.Re2 Kf8 25.Bb3 Re8 26.Rce1 Rxe2 27.
Rxe2 Bf7 28.f3 b6 29.Kf2 Re8 30.Rxe8+ Kxe8 31.Bc4 Kd7 32.Bd3 g6 33.Ke2 Be6
34.Be4 Kd6 35.b3 f5 36.Bd3 Ke5 37.Bc4 Bd7 38.Bxd5 Kxd5 39.Kd3 c5 40.Bf4 
Be6 41.Bc7 c4+ 42.Kc3 Kc6 43.Bd8 cxb3 44.cxb3 Bf7 45.b4 axb4+ 46.Kxb4 Bg8 
47.Kc3 Bf7 48.Kd4 Bb3 49.a5 bxa5 50.Bxa5 Kd6 51.Ke3 Ke6 1/2-1/2

[Event "POL-chT3"]
[Site "Jastrzebia Gora POL"]
[Date "2015.??.??"]
[Round "7.44"]
[White "Pazderski, Ziemowit"]
[Black "Helis, Tadeusz"]
[Result "1-0"]
[WhiteElo "2249"]
[BlackElo "2228"]
[EventDate "2015.??.??"]
[WhiteTitle "k+"]
[BlackTitle "FM"]

1.d4 Nf6 2.c4 c5 3.d5 b5 4.cxb5 a6 5.b6 g6 6.Nc3 Bg7 7.e4 d6 8.a4 a5 9.
Bb5+ Nfd7 10.f4 Qxb6 11.Nf3 O-O 12.Qe2 Na6 13.O-O Nb4 14.e5 Ba6 15.Rd1 Qb7
16.e6 Nf6 17.exf7+ Kh8 18.Ng5 Rab8 19.Ra3 h6 20.Ne6 Rxf7 21.Nxg7 Kxg7 22.
f5 gxf5 23.Bxa6 Qxa6 24.Nb5 Rh8 25.Rg3+ Kf8 26.Rg6 Ng8 27.Qe6 Rf6 28.Rxg8+
Rxg8 29.Bxh6+ Rxh6 30.Qxh6+ Rg7 31.Nc7 1-0